Strategic management : (Record no. 2640)
[ view plain ]
| 000 -LEADER | |
|---|---|
| fixed length control field | 00807cam a2200217 a 4500 |
| 020 ## - INTERNATIONAL STANDARD BOOK NUMBER | |
| ISBN | 0395709431 |
| 020 ## - INTERNATIONAL STANDARD BOOK NUMBER | |
| ISBN | 9780395709436 |
| 050 00 - CALL NUMBER | |
| Classification number | HD70.U5 |
| Item number | .H54 |
| 100 1# - AUTHOR | |
| Personal name | Hill, Charles W. L. |
| 245 10 - TITLE | |
| Title | Strategic management : |
| Remainder of title | an integrated approach / |
| Statement of responsibility, etc | Charles W.L. Hill, Gareth R. Jones. |
| 250 ## - EDITION | |
| Edition statement | 3rd ed. |
| 260 ## - PUBLICATION INFORMATION | |
| Place of publication | Boston : |
| Name of publisher | Houghton Mifflin Co., |
| Year of publication | c1995. |
| 300 ## - DESCRIPTION | |
| Number of Pages | xxiii, 436, [557] p. : |
| Other physical details | ill. ; |
| Dimensions | 26 cm. |
| 500 ## - NOTES | |
| General note | Includes index |
| 505 ## - FORMATTED CONTENTS NOTE | |
| Table of Content | Introduction to strategic management --<br/>The nature of competitive advantage --<br/>Strategies --<br/>Implementing strategy --<br/>Cases in strategic management. |
| 650 #0 - SUBJECTS | |
| Topical Term | Management |
| General subdivision | Case studies. |
| 650 #0 - SUBJECTS | |
| Topical Term | Strategic planning |
| General subdivision | Case studies. |
| 650 #0 - SUBJECTS | |
| Topical Term | Business planning |
| General subdivision | Case studies. |
| 700 1# - OTHER AUTHORS | |
| Personal name | Jones, Gareth R. |
| 942 ## - ADDED ENTRY ELEMENTS (KOHA) | |
| Koha item type | Books |
| Withdrawn status | Lost status | Home library | Current library | Shelving location | Date acquired | Full call number | Accession Number | Koha item type |
|---|---|---|---|---|---|---|---|---|
| Methodist University Library Main | Methodist University Library Main | General Stacks | 19/04/2014 | HD70.U5 .H54 | 39461 | Books |